00976nam a22002177a 4500003000200000005001700002008004100019050002300060100003100083245011500114260007100229300006000300500005100360504005600411650003800467650004200505650005100547942001200598999001900610952012900629020250207134310.0250207b xxu||||| |||| 00| 0 eng d aQA 76.9b.V57 2024 aViray, Logan Alessandro R. aSentinelban automated threat detection log reader system based on securbert. cLogan Alessandro Rosales Viray aLas Pinas CitybSouthville International School and Collegesc2024 ax, 90 pages:bcolored pictures and illustration;c28cm. aBachelor of Science in Information Technology. aIncludes bibliographical references and appendices. aCybersecurity—Threat detection. aLog analysis for security monitoring. aNatural language processing for security logs. 2lcccTH c367155d367155 00102lcc40aCLbCLcTHESESd2025-02-07eDONATIONkTHESESl0oQA 76.9 .V57 2024pT1380r2025-02-07 00:00:00w2025-02-07yTH